Publio Terencio Africano : comedias /
-д хадгалсан:
| Үндсэн зохиолч: | |
|---|---|
| Бусад зохиолчид: | |
| Формат: | Ном |
| Хэл сонгох: | испани |
| Хэвлэсэн: |
México :
UNAM, Instituto de Investigaciones Filológicas, Centro de Estudios Clásicos,
1975, c1975
|
| Цуврал: | (Bibliotheca Scriptorum Graecorum et Romanorum Mexicana)
|
| Нөхцлүүд: | |
| Шошгууд: |
Шошго байхгүй, Энэхүү баримтыг шошголох эхний хүн болох!
|
MARC
| LEADER | 00000nam^a2200000^a^4500 | ||
|---|---|---|---|
| 001 | 000380840 | ||
| 005 | 20250521000000.0 | ||
| 009 | 20260310120624.763 | ||
| 037 | |a Acervo ITESO - Biblioteca | ||
| 041 | |a ESP | ||
| 082 | |a 872. |b TER V. 1 | ||
| 100 | |a Terencio Afer, Publio |e (autor) | ||
| 240 | 1 | 4 | |a [La Andriana] |
| 240 | 1 | 4 | |a [El eunuco] |
| 240 | 1 | 4 | |a [El atormentador de sí mismo] |
| 245 | 1 | 0 | |a Publio Terencio Africano : |b comedias / |c P. Terencio Afer ; introd., tr. y notas de G. Viveros. |
| 264 | 4 | |a México : |b UNAM, Instituto de Investigaciones Filológicas, Centro de Estudios Clásicos, |c 1975, c1975 | |
| 300 | |a I-XLIV, 1-181, XLVII-XCIV p. | ||
| 336 | |a texto |b txt |2 rdacontenido | ||
| 337 | |a sin mediación |b n |2 rdamedio | ||
| 338 | |a volumen |b nc |2 rdasoporte | ||
| 440 | 1 | |a (Bibliotheca Scriptorum Graecorum et Romanorum Mexicana) | |
| 500 | |a Traducción de: Terenti Afri Comoediae Sex | ||
| 545 | 0 | |a Publio Terencio, el Africano (-159 AC) fue un dramaturgo en la época de la república romana. A pesar de ser solamente seis obras las que escribió, para los estudiosos de la literatura latina se consideran como el canon del latín más puro. La comedia de Terencio se encuentra basada en obras del griego Menandro, sin embargo las versiones del Africano utilizan un humor de mejor calidad e ingenio en la elaboración de las tramas que no resultan ser complicadas. La sátira de Terencio refleja el sentido aristocrático de la gente rica de la Roma imperial con un lenguaje culto y correcto. Es en la Edad Media y en el Renacimiento que su popularidad se extiende en Europa y para 1470 se editan por primera vez sus obras completas. | |
| 546 | |a Edición bilingüe español-latín | ||
| 561 | |a Ex libris de FS. LOC. AC | ||
| 649 | |a XX | ||
| 650 | |a Escritores Latinos | ||
| 650 | |a Comedia Latina | ||
| 650 | |a Teatro Latino | ||
| 650 | |a Teatro Clásico | ||
| 650 | |a Literatura Latina - |y Siglo II a.C. | ||
| 650 | |a Literatura Clásica - |y Siglo II a.C. | ||
| 650 | |a Terencio Afer, Publio | ||
| 740 | 3 | |a La Andriana / |c P. Terencio Afer ; tr. por G. Viveros. | |
| 740 | 3 | |a El eunuco / |c P. Terencio Afer ; tr. por G. Viveros. | |
| 740 | 3 | |a El atormentador de sí mismo / |c P. Terencio Afer ; tr. por G. Viveros. | |
| 700 | |a Viveros, Germán |e (introducción, traducción y notas) | ||
| 910 | |a Fondo Armando Suárez Gómez | ||
| 920 | |a Impresos - Libros | ||
| 930 | |a Fondos Especiales | ||
| 940 | |a Literatura | ||
| 905 | |a 111 | ||
| 901 | |a 0700005735 |b IT2 |c ESP |u 20250521 | ||
| 902 | |a https://opac.biblio.iteso.mx/vufind/Record/000380840 | ||